Death of Kuhl irrigation system of Kangra valley of Himachal Pradesh: institutional arrangements and technological options for revival (Record no. 110128)

000 -LEADER
fixed length control field 00592pab a2200181 454500
008 - FIXED-LENGTH DATA ELEMENTS--GENERAL INFORMATION
fixed length control field 180718b2015 xxu||||| |||| 00| 0 eng d
100 ## - MAIN ENTRY--PERSONAL NAME
Personal name Sharma, Ashwani Kumar
245 ## - TITLE STATEMENT
Title Death of Kuhl irrigation system of Kangra valley of Himachal Pradesh: institutional arrangements and technological options for revival
260 ## - PUBLICATION, DISTRIBUTION, ETC.
Date of publication, distribution, etc. 2015
300 ## - PHYSICAL DESCRIPTION
Extent p.350-364.
362 ## - DATES OF PUBLICATION AND/OR SEQUENTIAL DESIGNATION
Dates of publication and/or sequential designation Jul-Sep
650 ## - SUBJECT ADDED ENTRY--TOPICAL TERM
Topical term or geographic name entry element Irrigation - India - Himachal Pradesh
650 ## - SUBJECT ADDED ENTRY--TOPICAL TERM
Topical term or geographic name entry element Irrigation
700 ## - ADDED ENTRY--PERSONAL NAME
Personal name Prakash, Brahm
700 ## - ADDED ENTRY--PERSONAL NAME
Personal name Sharma ,K. D.
773 ## - HOST ITEM ENTRY
Main entry heading Indian Journal of Agricultural Economics
909 ## -
-- 110133
Holdings
Withdrawn status Lost status Damaged status Not for loan Permanent Location Current Location Date acquired Serial Enumeration / chronology Barcode Date last seen Price effective from Koha item type
        Indian Institute of Public Administration Indian Institute of Public Administration 2018-07-19 Volume no: 70, Issue no: 3 AR110593 2018-07-19 2018-07-19 Articles

Powered by Koha